<?xml version="1.0" encoding="UTF-8"?>
<record
    xmlns:xsi="http://www.w3.org/2001/XMLSchema-instance"
    xsi:schemaLocation="http://www.loc.gov/MARC21/slim http://www.loc.gov/standards/marcxml/schema/MARC21slim.xsd"
    xmlns="http://www.loc.gov/MARC21/slim">

  <leader>02148nam a2200205 a 4500</leader>
  <controlfield tag="008">190917t2006    ag a|||g |||| 001 1 spa d</controlfield>
  <datafield tag="020" ind1=" " ind2=" ">
    <subfield code="a">9875900478</subfield>
  </datafield>
  <datafield tag="041" ind1=" " ind2=" ">
    <subfield code="a">spa</subfield>
  </datafield>
  <datafield tag="092" ind1=" " ind2=" ">
    <subfield code="c">808</subfield>
    <subfield code="l">51</subfield>
    <subfield code="s">MAR</subfield>
  </datafield>
  <datafield tag="100" ind1="1" ind2=" ">
    <subfield code="a">Marechal, Leopoldo</subfield>
    <subfield code="9">4019</subfield>
  </datafield>
  <datafield tag="245" ind1=" " ind2=" ">
    <subfield code="a">Ant&#xED;gona V&#xE9;lez /</subfield>
    <subfield code="c">Leopoldo Marechal</subfield>
  </datafield>
  <datafield tag="250" ind1=" " ind2=" ">
    <subfield code="a">2a ed. 4a reimp.</subfield>
    <subfield code="b">Pr&#xF3;logo, notas y propuestas de trabajo Hebe Monges</subfield>
  </datafield>
  <datafield tag="260" ind1=" " ind2=" ">
    <subfield code="a">Buenos Aires:</subfield>
    <subfield code="b">Colihue;</subfield>
    <subfield code="c">2006.</subfield>
  </datafield>
  <datafield tag="300" ind1=" " ind2=" ">
    <subfield code="a">112 p.</subfield>
    <subfield code="c">18x13 cm.</subfield>
  </datafield>
  <datafield tag="500" ind1=" " ind2=" ">
    <subfield code="a">Marechal, L. (2006). Ant&#xED;gona V&#xE9;lez. (2a ed.). Buenos Aires : Colihue.</subfield>
  </datafield>
  <datafield tag="505" ind1=" " ind2=" ">
    <subfield code="a">El mito de Ant&#xED;gona -la historia, inmortalizada por S&#xF3;focles, de la desdichada hija de Edipo que desaf&#xED;a al poder para cumplir con el at&#xE1;vico mandato-, es recreado por Marechal en el contexto de la pampa cuando &#xE9;sta a&#xFA;n era teatro de lucha entre indios y blancos. La tragedia, ambientada en el espacio hostil de una estancia enclavada sobre el filo del desierto, rescata el conflicto irresoluble de los fundamentos arcaicos de la naci&#xF3;n: a esa madre tierra -met&#xE1;fora de una origen perdido para siempre- Ant&#xED;gona devolver&#xE1; obstinadamente, contra las leyes de los hombres, el cuerpo de su hermano. Drama criollo y transposici&#xF3;n del mito griego, la obra -expresi&#xF3;n breve y luminosa de las creaciones del genial escritor argentino- logra hondura y grandeza. Contribuyen a ellos el lirismo del lenguaje -consecuente con la concepci&#xF3;n marechaliana, de resonancias cl&#xE1;sicas, de que el teatro es poes&#xED;a dram&#xE1;tica aunque se escriba en prosa-, el trasfondo violento donde habr&#xE1;n de desatarse las pasiones de los personajes, as&#xED; como la conservaci&#xF3;n de los elementos formales de la tragedia antigua: las unidades de lugar y tiempo y los coros, que asumen aqu&#xED; las voces discordantes de la comunidad. En el P&#xF3;slogo de Hebe Monges reflexiona sobre la significaci&#xF3;n del mito, rastrea la ascendencia teatral de Ant&#xED;gona y los contrastes del personaje en algunas de sus m&#xFA;ltiples versiones, para analizar luego el valor intr&#xED;nseco de la pieza marechaliana.   </subfield>
  </datafield>
  <datafield tag="590" ind1=" " ind2=" ">
    <subfield code="a">Proyecto 4to libro, Donaci&#xF3;n Adriana Navarro. Febrero 2019</subfield>
  </datafield>
  <datafield tag="655" ind1=" " ind2=" ">
    <subfield code="a">Teatro</subfield>
    <subfield code="9">3268</subfield>
  </datafield>
  <datafield tag="942" ind1=" " ind2=" ">
    <subfield code="2">ddc</subfield>
    <subfield code="c">LIT</subfield>
  </datafield>
  <datafield tag="999" ind1=" " ind2=" ">
    <subfield code="c">2864</subfield>
    <subfield code="d">2864</subfield>
  </datafield>
  <datafield tag="952" ind1=" " ind2=" ">
    <subfield code="0">0</subfield>
    <subfield code="1">0</subfield>
    <subfield code="2">ddc</subfield>
    <subfield code="4">0</subfield>
    <subfield code="7">0</subfield>
    <subfield code="a">BFM</subfield>
    <subfield code="b">BFM</subfield>
    <subfield code="c">CR</subfield>
    <subfield code="d">2019-02-28</subfield>
    <subfield code="e">Proyecto 4to libro, Donaci&#xF3;n Adriana Navarro. Febrero 2019</subfield>
    <subfield code="l">0</subfield>
    <subfield code="o">808 51 MAR</subfield>
    <subfield code="p">4387</subfield>
    <subfield code="r">2019-02-28</subfield>
    <subfield code="t">Ej. 1</subfield>
    <subfield code="w">2019-02-28</subfield>
    <subfield code="y">LIT</subfield>
    <subfield code="z">Proyecto 4to libro, Donaci&#xF3;n Adriana Navarro. Febrero 2019</subfield>
  </datafield>
</record>
